Geoffrey Bawa : (Record no. 352838)
[ view plain ]
| 000 -LEADER | |
|---|---|
| fixed length control field | 00971 a2200277 4500 |
| 003 - CONTROL NUMBER IDENTIFIER | |
| control field | OSt |
| 005 - DATE AND TIME OF LATEST TRANSACTION | |
| control field | 20180116192348.0 |
| 008 - FIXED-LENGTH DATA ELEMENTS--GENERAL INFORMATION | |
| fixed length control field | 120531t xxu||||| |||| 00| 0 eng d |
| 010 ## - LIBRARY OF CONGRESS CONTROL NUMBER | |
| LC control number | 2001099692 |
| 020 ## - INTERNATIONAL STANDARD BOOK NUMBER | |
| International Standard Book Number | 0500341877 |
| 020 ## - INTERNATIONAL STANDARD BOOK NUMBER | |
| International Standard Book Number | 9780500341872 |
| 035 ## - SYSTEM CONTROL NUMBER | |
| System control number | (DLC) 2001099692 |
| 040 ## - CATALOGING SOURCE | |
| Transcribing agency | 0 |
| 082 04 - DEWEY DECIMAL CLASSIFICATION NUMBER | |
| Classification number | 720.92 |
| 100 1# - MAIN ENTRY--PERSONAL NAME | |
| Personal name | Robson, David G. |
| 9 (RLIN) | 3007 |
| 245 10 - TITLE STATEMENT | |
| Title | Geoffrey Bawa : |
| Remainder of title | the complete works / |
| Statement of responsibility, etc. | David Robson. |
| 260 ## - PUBLICATION, DISTRIBUTION, ETC. | |
| Place of publication, distribution, etc. | New York, N.Y. : |
| Name of publisher, distributor, etc. | Thames & Hudson, |
| Date of publication, distribution, etc. | 2002. |
| 300 ## - PHYSICAL DESCRIPTION | |
| Extent | 278 p. : |
| Other physical details | ill. (some col.) ; |
| Dimensions | 29 cm. |
| 500 ## - GENERAL NOTE | |
| General note | Includes bibliographical references and index. |
| 600 10 - SUBJECT ADDED ENTRY--PERSONAL NAME | |
| Personal name | Bawa, Geoffrey, |
| Dates associated with a name | 1919-2003 |
| General subdivision | Criticism and interpretation. |
| 9 (RLIN) | 3008 |
| 650 10 - SUBJECT ADDED ENTRY--TOPICAL TERM | |
| Topical term or geographic name entry element | Architecture |
| Geographic subdivision | Sri Lanka |
| General subdivision | History |
| Chronological subdivision | 20th century. |
| 9 (RLIN) | 3009 |
| 650 10 - SUBJECT ADDED ENTRY--TOPICAL TERM | |
| Topical term or geographic name entry element | Vernacular architecture |
| General subdivision | Influence. |
| 9 (RLIN) | 3010 |
| 700 1# - ADDED ENTRY--PERSONAL NAME | |
| Personal name | Bawa, Geoffrey, |
| Dates associated with a name | 1919-2003. |
| 9 (RLIN) | 3011 |
| 942 ## - ADDED ENTRY ELEMENTS (KOHA) | |
| Institution code [OBSOLETE] | SADA |
| Koha item type | Reference |
| Call number prefix | 720.92 ROB 2002 |
| Source of classification or shelving scheme | |
| Withdrawn status | Lost status | Source of classification or shelving scheme | Damaged status | Not for loan | Permanent Location | Current Location | Date acquired | Total Checkouts | Total Renewals | Full call number | Barcode | Date last seen | Date last checked out | Cost, replacement price | Price effective from | Koha item type |
|---|---|---|---|---|---|---|---|---|---|---|---|---|---|---|---|---|
| School of Art Design and Architecture (SADA) | School of Art Design and Architecture (SADA) | 04/14/2011 | 5 | 2 | REF 720.92 ROB 2002 | SADA0000882 | 05/21/2012 | 05/10/2012 | 4329.00 | 08/05/2011 | Reference |
